Investmnet Japan 1994-95 : a directory of institutions and firms offering assistance for setting up a business in Japan.

Bibliographic Details
Format: Book
Published: Tokyo: JETRO, 1995.
Subjects:
LEADER 00494cam a2200157 7i4500
001 0000002919
005 19991025090000.0
002 ##000004219
020 0 0 |a T000003986  
090 0 0 |a C 952   |b INV 
245 0 0 |a Investmnet Japan 1994-95 :   |b a directory of institutions and firms offering assistance for setting up a business in Japan. 
260 0 0 |a Tokyo:   |b JETRO,   |c 1995. 
300 0 0 |a 160p. 
650 0 0 |a Investments, Foreign  
651 0 0 |a Japan  
999 |a 0000004763  |b Book  |c Open shelf  |e Business Information Centre